MARC
| LEADER | 00000nam a2200000Ia 4500 | ||
|---|---|---|---|
| 008 | 170613b2003 bl ||||| |||| 00| | spa d | ||
| 999 | |c 1334 |d 1334 | ||
| 090 | |a 05.02.01 |b 445 | ||
| 110 | 1 | |9 1248 |a UNESCO | |
| 245 | 1 | 0 | |a Declaracion universal de la UNESCO sobre la diversidad cultural |
| 260 | |a Porto Alegre, Brasil : |b UNESCO, |c 2003 | ||
| 300 | |a 30 páginas | ||
| 500 | |a Adoptada por la 31° sesión de la Conferencia General de la UNESCO París, 2 Noviembre del 2001 | ||
| 650 | 1 | 4 | |a CULTURA |9 378 |
| 942 | |i 00780 |h 05.02.01 445 |2 z |c 01 | ||
